00245nam a2200109Ia 4500003000400000005001700004008004100021020002200062040000900084100001400093245002800107OSt20231130053606.0170523s9999 xx 000 0 und d a978-0-07-047292-1 cIIMT ajoshi- sa 0anutrition and dietetics